<?xml version="1.0" encoding="UTF-8"?>
<resp>
  <nextPage>https://data.bn.org.pl/api/networks/bibs.marcxml?marc=001+b00001150003651&amp;sinceId=1150003652</nextPage>
  <collection>
    <record xmlns='http://www.loc.gov/MARC21/slim'><leader>00844namZa2200277ZiZ4500</leader><controlfield tag='001'>b00001150003651</controlfield><controlfield tag='005'>20241203220339.1</controlfield><controlfield tag='008'>230609s        pl           |000 0 pol c</controlfield><controlfield tag='009'>9913262094905606</controlfield><datafield ind1=' ' ind2=' ' tag='020'><subfield code='a'>MKras / MCz / DA</subfield></datafield><datafield ind1=' ' ind2=' ' tag='035'><subfield code='a'>KR_1KR_1_20120317235808041773-48omnis_kr</subfield></datafield><datafield ind1=' ' ind2=' ' tag='035'><subfield code='a'>KR_1_20120317235808041773</subfield><subfield code='9'>ExL</subfield></datafield><datafield ind1=' ' ind2=' ' tag='035'><subfield code='a'>(PL)b00001150003651</subfield></datafield><datafield ind1=' ' ind2=' ' tag='040'><subfield code='a'>KR_1</subfield><subfield code='c'>KR_1</subfield></datafield><datafield ind1='0' ind2=' ' tag='041'><subfield code='a'>pol</subfield></datafield><datafield ind1='1' ind2=' ' tag='100'><subfield code='a'>Wiśniewski, Krzysztof</subfield></datafield><datafield ind1='1' ind2='0' tag='245'><subfield code='a'>Wiosenne zabawy w Zwierzątkowie /</subfield><subfield code='c'>[tekst i il. Krzysztof Wiśniewski].</subfield></datafield><datafield ind1=' ' ind2=' ' tag='260'><subfield code='a'>W-wa :</subfield><subfield code='b'>&quot;Kama&quot;,</subfield><subfield code='c'>[1997].</subfield></datafield><datafield ind1=' ' ind2=' ' tag='300'><subfield code='a'>[10] s.:</subfield><subfield code='b'>il.;</subfield><subfield code='c'>15 cm.</subfield></datafield><datafield ind1='1' ind2=' ' tag='490'><subfield code='a'>Biblioteka Najmłodszych</subfield></datafield><datafield ind1=' ' ind2=' ' tag='500'><subfield code='a'>d</subfield></datafield><datafield ind1=' ' ind2=' ' tag='852'><subfield code='b'>48OMNIS_NETWORK</subfield><subfield code='8'>9913262094905606</subfield></datafield><datafield ind1=' ' ind2=' ' tag='852'><subfield code='b'>48OMNIS_KR</subfield><subfield code='8'>991000036499708216</subfield></datafield><datafield ind1=' ' ind2=' ' tag='920'><subfield code='a'>83-7153-103-6</subfield></datafield></record>
  </collection>
</resp>
